| 000 | 00510nam a22001697a 4500 | ||
|---|---|---|---|
| 999 |
_c8694 _d8694 |
||
| 008 | 201210b ||||| |||| 00| 0 eng d | ||
| 040 | _aBMS College of Architecture | ||
| 100 | _aAbdurrahman, Ayyub Syed | ||
| 245 | _aFootball academy | ||
| 300 | _a31p. | ||
| 500 | _a1BM09AT054 | ||
| 502 |
_8B,Arch _NBMS College of Architecture, Visvesvaraya Technological University (VTU) _aProject report _d2016 |
||
| 650 | _aNA | ||
| 700 |
_aArathi K Parigi _eGuide |
||
| 700 |
_aAkhila Ramesh _eGuide |
||
| 942 |
_2ddc _cTHE |
||